000 00365nam a22001457a 4500
003 OSt
005 20250726124603.0
008 250726b |||||||| |||| 00| 0 eng d
040 _cIIMT COLLEGE OF ENGINEERING, GREATER NOIDA
100 _aBERI,C.
245 _aBUSINESS STATISTICS
260 _aNEW DELHI
_bMC GRAW HILL
_c2024
300 _a802
942 _2ddc
_c02
_e3
999 _c65864
_d65864